000 00571nam a2200217Ia 4500
003 OSt
005 20220916110951.0
006 a|||||r|||| 00| 0
007 ta
008 Pun
024 _a42,536
037 _cTextbook
040 _bPun
_aARTS
_cARTS
041 _aPun
082 _aO153,6NKAx, M6
100 _aਕਾਂਗ, ਕੁਲਬੀਰ ਸਿੰਘ
245 0 _aਹਰਿਮੰਦਰ ਉਦਾਸ ਹੈ
260 _c1986
942 _hO153,6NKAx, M6
_cTB
_2CC
999 _c102448
_d102448